01410ngm a2200337Ic 4500001000700000003000900007005001700016007000700033008004000040015000600080017000900086020001800095035000600113040002500119084000900144100002000153245007300173260003400246300003000280490002300310500002400333511007900357518004700436520035300483521004200836586003700878655004600915700002900961711005900990830002301049a5366 DO-SdBNP20160715091000.0a5366 130618s2011 mx g vlspa  a  a b  a9789705802034 a  aBPMSUbspacBPMSUe  a 2  aIturralde, Edma10aLágrimas negras /cEdna Iturralde ; ilustraciones Díaz Consuegra aMéxico : bAlfaguara,c2011 a130 p. :b il. ;c21 cm.  aAlfaguara juvenil  a Reimpresión 20111 aAriadna Gil, Fele Martínez, Elena Anaya, Ana Risueño, Elvira Mínguez aLargometraje realizado en 1998 en España3 aMientras regresa a casa, después de despedirse de su novia, Andrés es atracado por dos mujeres. Cuando, algún tiempo después, se encuentra con una de ellas, una joven desequilibrada de familia acomodada, surge en Andrés una obsesión incontrolable que imprime a su vida un giro inesperado que lo conducirá a abandonar todo cuanto posee aNo recomendada a menores de 18 años aGalardonada en la Seminci (1998) 7aDrama cinematográficozEspaña2tgfbne aConsuegra, Díaz eil. 2 aSemana Internacional de Cine de Valladolidn43ªd1998 aAlfaguara juvenil